000 00522nam a2200193Ia 4500
005 20240913130022.0
008 240913s9999||||xx |||||||||||||| ||und||
041 _aENGLISH
082 _A616.855075 Q9
100 _aBeech,John R
245 0 _aAssessment in Speech and Language Therapy
250 _a1st
260 _c2019
_bRoutledge Taylor & Fr
500 _aREFERENCE
650 _aAudiology Speech and Language Pathology
_bAllied Health Science
700 _a Harding,Leonora
942 _cREF
999 _c246785
_d246785